LEADER 01459nam 2200373 450 001 996279873903316 005 20171003085037.0 010 $a0-7381-6112-8 035 $a(CKB)2670000000414752 035 $a(WaSeSS)IndRDA00078191 035 $a(NjHacI)992670000000414752 035 $a(EXLCZ)992670000000414752 100 $a20171003d2009 || | 101 0 $aeng 135 $aur||||||||||| 181 $ctxt$2rdacontent 182 $cc$2rdamedia 183 $acr$2rdacarrier 200 00$aAmerican national standard for electromagnetic noise and field strength instrumentation, 10 Hz to 40 GHz specifications 210 1$aNew York :$cIEEE,$d2009. 215 $a1 online resource (9 pages) 225 1 $aIEEE Std 311 $a0-7381-6113-6 330 $aElectromagnetic compatibility techniques and requirements for instruments measuring quasi-peak, peak, rms, and average values for electrical and electronic equipment for various applications are provided. Keywords: electromagnetic compatibility, field strength instrumentation. 410 0$aIEEE Std. 606 $aElectromagnetic noise$xStandards 615 0$aElectromagnetic noise$xStandards. 676 $a530.1433 801 0$bWaSeSS 801 1$bWaSeSS 906 $aDOCUMENT 912 $a996279873903316 996 $aAmerican national standard for electromagnetic noise and field strength instrumentation, 10 Hz to 40 GHz specifications$92580871 997 $aUNISA LEADER 01488nas 2200481- 450 001 9910503151803321 005 20230427213018.0 035 $a(CKB)5300000000020545 035 $a(CONSER)--2020271160 035 $a(OCoLC)1764836 035 $a(EXLCZ)995300000000020545 100 $a20201014b18971906 k-- a 101 0 $aeng 135 $aur||||||||||| 181 $ctxt$2rdacontent 182 $cc$2rdamedia 183 $acr$2rdacarrier 200 10$aBackbone 210 1$aSt. Paul, Minn. ;$aMinneapolis, Minn. :$cProhibition State Central Committee,$d1897-1906. 215 $a1 online resource 311 $a2694-3549 606 $aProhibition$vNewspapers 606 $aProhibition$zMinnesota$vNewspapers 606 $aProhibition$2fast$3(OCoLC)fst01078761 607 $aSaint Paul (Minn.)$vNewspapers 607 $aMinneapolis (Minn.)$vNewspapers 607 $aRamsey County (Minn.)$vNewspapers 607 $aHennepin County (Minn.)$vNewspapers 607 $aMinnesota$2fast 607 $aMinnesota$zHennepin County$2fast 607 $aMinnesota$zMinneapolis$2fast 607 $aMinnesota$zRamsey County$2fast 607 $aMinnesota$zSaint Paul$2fast 608 $aNewspapers.$2fast 615 0$aProhibition 615 0$aProhibition 615 7$aProhibition. 676 $a071.3 712 02$aProhibition Party (Minn.).$bState Committee. 906 $aJOURNAL 912 $a9910503151803321 996 $aBackbone$91905671 997 $aUNINA